00489 2200169 4500245003300000020002200033250001100055100001900066700002100085650002100106005001900127260007500146041001400221084001000235300006500245336000900310 aSepatucTethy EzokanzohText a978-623-118-773-4 aCet. 1 aTethy Ezokanzo aIndyastari Citra aCerita Bergambar a20240830135432 aJakatabKementerian Pendidikan, Kebudayaan, Riset, dan Teknologic2023 aIndonesia a741.5 aIndy font 25, Minion Pro 10/12. iv, 20 hlm :b20 x 20 cm. ; atext